Statistics for Years in History by Picture

Click here to take the quiz!

General Stats

  • This quiz has been taken 26,392 times
  • The average score is 9 of 15

Answer Stats

Answer% Correct
1969
97%
2001
92%
1989
89%
1944
85%
1963
85%
1776
77%
1912
75%
1914
73%
1972
54%
1966
46%
1994
45%
1812
44%
1492
37%
1793
33%
1605
11%

Score Distribution

Percentile by Number Answered

Percent of People with Each Score

Your Score History

You have not taken this quiz